W którym województwie znajduję się, jeżeli...? - Statystyki

Ogólne statystyki
  • Ten quiz został rozwiązany 22 razy
  • Średni wynik to 11 z 16
Statystyki odpowiedzi
W którym województwie się znajduję, jeżeli województwo % Poprawnych
płynę kajakiem po rzece Wieprz? lubelskie
81%
modlę się na Jasnej Górze? śląskie
81%
większość samochodów ma na początku rejestracji literę F? lubuskie
76%
bawię się w największym parku wodnym? mazowieckie
76%
znajduję się w punkcie wysuniętym najbardziej na południe? podkarpackie
76%
odwiedzam miasto "Ojca Mateusza"? świętokrzyskie
76%
kibicuję "Białej Gwieździe" na ich domowym meczu? małopolskie
71%
odpoczywam w Narwiańskim Parku Narodowym? podlaskie
71%
zwiedzam zamek w Kórniku? wielkopolskie
71%
leżę na najszerszej plaży? zachodniopomorskie
71%
wylądowałem samolotem na lotnisku im. Jana Paderewskiego? kujawsko-pomorskie
62%
mieszkam w największym mieście na literę Ś? dolnośląskie
57%
jestem w Prószkowie, a nie w Pruszkowie? opolskie
57%
pływam po jeziorze Gardno? pomorskie
48%
wszedłem na szczyt Szeskiej Góry? warmińsko-mazurskie
48%
imprezuję na najdłuższym deptaku? łódzkie
38%
Nie znaleziono quizów pasujących do podanych kryteriów
Rozkład punktacji
Procent ludzi z każdym wynikiem
Percentyl według liczby udzielonych odpowiedzi
Twoja historia wyników
Nie rozwiązałeś tego quizu